000
00276nam a2200109Ia 4500
008
231017s9999 xx 000 0 und d
245
0
_a
NCHRP Report 544
245
0
_c
Transportation Research Board
260
_b
Transportation Research Board
300
_c
30cm
942
_c
REP
999
_c
604907
_d
604907